People who Beat Slaughterhouse (Geometry Dash) - Statistics

General Stats
  • This quiz has been taken 96 times
    80 since last reset
  • The average score is 6 of 31
Answer Stats
When they Beat it Answer Country Rank when Completed % Correct
(Verified) 12/21/2021 Doggie United States 1
89%
4/11/2022 Zoink United States 1
89%
9/19/2022 Trick United States 1
55%
4/16/2022 Cursed United Kingdom 1
45%
1/2/2023 wPopoff United States 2
41%
11/1/2022 Diamond Albania 2
36%
9/11/2022 RaeveZ Colombia 1
30%
7/28/2022 Zeroxy Norway 1
23%
10/1/2023 Taiago Portugal 4
21%
9/2/2023 Netermind United States 4
17%
5/28/2023 paqoe United States 4
14%
1/22/2023 SnowBallerr Australia 2
14%
11/18/2023 Litoks France 4
12%
8/29/2023 Thnnder United States 4
12%
1/31/2023 Baeru South Korea 2
11%
1/18/2023 Blackhole Pakistan 2
11%
8/12/2023 cobrablitz United States 4
11%
2/6/2023 yolomodeboom Lithuania 2
11%
12/26/2022 Emiliano56 Mexico 2
9%
11/6/2023 loliklee Moldova 4
9%
7/26/2023 Beastular United States 4
8%
6/24/2023 eandis Russia 4
8%
5/16/2023 ItzTayfun Moldova 4
8%
8/19/2023 Tunax Norway 4
8%
10/4/2023 zThund3r France 4
8%
10/16/2023 AidanTR United States 4
6%
10/8/2023 Hipo Argentina 4
6%
10/14/2023 pohgii United States 4
6%
12/9/2023 Tylor United States 4
6%
10/11/2023 Viwi Portugal 4
6%
8/28/2023 Wogyt Russia 4
6%
No matching quizzes found
Score Distribution
Percent of People with Each Score
Percentile by Number Answered
Your Score History
You have not taken this quiz since the last reset